000 00685nam a22002537a 4500
003 UA-OsUOA
001 22330
007 ta
008 20031218b un ||||| |||| 00| 0 ukr d
090 _a159.9(0758)
_bО75
942 _cBK
040 _aUA-OsUOA
_bukr
_cUA-OsUOA
_dUA-OsUOA
245 _aОснови психології
_bПідручник
_cРед. О. В.Киричук В. А.Роменець
300 _a632 с.
955 _a0
041 _aukr
080 _a159.9(0758)
020 _a5-325-00822-6
260 _aКиїв
_bЛибідь
_c1996
044 _aUA
250 _nВидання друге, стереотипне
650 7 _2UDC
999 _c308547
_d308547